| 000 | 00423nam a2200169Ia 4500 | ||
|---|---|---|---|
| 008 | 221030s9999 xx 000 0 und d | ||
| 020 | _a8122774247 | ||
| 041 | _aEnglish | ||
| 082 | _a105.23 | ||
| 100 | _aP. S. Deshpande | ||
| 245 | 0 |
_aC & Data Structures _cby P. S. Deshpande, O. G. Kakde |
|
| 260 |
_bDreamtech Press _aNew Delhi _c2007 |
||
| 300 | _a700 | ||
| 650 | _aComputers | ||
| 700 | _aO. G. Kakde | ||
| 942 | _cBK | ||
| 999 |
_c5642 _d5642 |
||